000 00245nam a2200109Ia 4500
008 190914s9999||||xx |||||||||||||| ||und||
100 _aHeinz Koontz
245 0 _aManagement
260 _aIndia
_bMcGraw Hill
_c1997
300 _a744
942 _cBK
999 _c8507
_d8507